Byzantium viewed by the Arabs
Αποθηκεύτηκε σε:
| Κύριος συγγραφέας: | |
|---|---|
| Μορφή: | Βιβλίο |
| Γλώσσα: | English |
| Δημοσίευση: |
Cambridge, Mass :
Distributed for the Center for Middle Eastern Studies of Harvard University by Harvard University Press,
c2004
|
| Σειρά: | Harvard Middle Eastern monographs ;
; 36 |
| Θέματα: | |
| Ετικέτες: |
Προσθήκη ετικέτας
Δεν υπάρχουν, Καταχωρήστε ετικέτα πρώτοι!
|
MARC
| LEADER | 00000cam a2200000 i 4500 | ||
|---|---|---|---|
| 001 | 1/78764 | ||
| 008 | 080326s2004 eng d | ||
| 020 | |a 0-932885-30-6 | ||
| 035 | |l 10095807 | ||
| 040 | |a GR-MY-UA |b gre |e aacr | ||
| 041 | 0 | |a eng | |
| 082 | 0 | |a 938.33 |2 (22) | |
| 100 | 1 | |a El-Cheikh, Nadia Maria. | |
| 245 | 1 | 0 | |a Byzantium viewed by the Arabs / |c Nadia Maria El Cheikh |
| 260 | |a Cambridge, Mass : |b Distributed for the Center for Middle Eastern Studies of Harvard University by Harvard University Press, |c c2004 | ||
| 300 | |a xi, 271 σ.; |c 21 εκ. | ||
| 490 | 1 | |a Harvard Middle Eastern monographs |v ; xxxvi | |
| 504 | |a Βιβλιογραφία: σ. 231-253 | ||
| 504 | |a Ευρετήριο: σ. 255-271 | ||
| 650 | 0 | 0 | |a Public opinion |z Arab countries |x History |y To 1500. |
| 651 | 0 | |a Byzantine Empire |x Foreign public opinion, Arab |x History. | |
| 767 | 0 | 8 | |i Μεταφρασμένο ως: |t Το Βυζάντιο όπως το είδαν οι Άραβες / |
| 830 | 0 | |a Harvard Middle Eastern monographs ; |v ; 36 | |
| 852 | |a INST |b LESVOS |e 20080326 |h 938.33 ELC |p 005100038717 |q 005100038717 |t BK |y 0 | ||
| 901 | |a BIBL1-2008-1 | ||
| 909 | |a Λ |b 143087 | ||
| 922 | |a 1ΕΛΗ |b 200712 |c ΕΠΕΑΕΚ2/ΤΚΑ |d ΠΑΠΑΣΩΤΗΡΙΟΥ | ||
| 970 | |a ΓΙΑΛΑΜΑ |b ΜΑΡΙΑ |z 2008/03/26 | ||